00978ngm a2200253 a 450000500170000000800410001708200180005824500630007625000190013930000630015849000140022150000900023565000680032565000470039365000520044070000320049294200200052426400420054433600270058633700330061333800280064604000350067499900150070920220317001255.0160825s1999 ck g 000 0 spa 04a791.436bM14s10aSoplo de vidacdirigido por Luis Ospinahvideograbación  a1a. edición  a1 videocasete en VHS (107 minutos)bsonido, color c20 cm  aLa maleta aLa película pertenece a la colección La Maleta. Dirigida para un público adulto142LEMBaPelículas cinematográficas colombianasvVideocasetes 142LEMB aAsesinato en el cinevVideocasetes 142LEMB aProstitución en el cinevVideocasetes 1 aOspina, Luisd1949- 968567 2ddccVIDEOCASET aBogotábMinisterio de Culturac1999 atextobtxt2rdacontent asin mediaciónbn2rdamedia avolumenbnc2rdacarrier aCO-BoRNBPbspaerdacCO-BoRNBP c6458d6458